Stenographic handbooks of John Byrom, (Record no. 43601)

MARC details
000 -LEADER
fixed length control field 00828cpcaa2200253 4500
001 - CONTROL NUMBER
control field mm 82041319
003 - CONTROL NUMBER IDENTIFIER
control field DLC
005 - DATE AND TIME OF LATEST TRANSACTION
control field 20260227111714.0
008 - FIXED-LENGTH DATA ELEMENTS--GENERAL INFORMATION
fixed length control field 821206|||||||||||| eng
010 ## - LIBRARY OF CONGRESS CONTROL NUMBER
LC control number mm 82041319
040 ## - CATALOGING SOURCE
Original cataloging agency DLC
Transcribing agency DLC
Description conventions dacs
Modifying agency DLC
072 #7 - SUBJECT CATEGORY CODE
Subject category code L
Source lcmd
100 1# - MAIN ENTRY--PERSONAL NAME
Personal name Byrom, John,
Dates associated with a name 1692-1763.
245 00 - TITLE STATEMENT
Title Stenographic handbooks of John Byrom,
Inclusive dates 1742.
300 ## - PHYSICAL DESCRIPTION
Extent 5
Type of unit items.
300 ## - PHYSICAL DESCRIPTION
Extent 1
Type of unit container.
506 0# - RESTRICTIONS ON ACCESS NOTE
Terms governing access Open to research.
545 0# - BIOGRAPHICAL OR HISTORICAL DATA
Biographical or historical data British poet, hymnologist, and inventor of a stenographic writing method.
546 ## - LANGUAGE NOTE
Language note Collection material in English.
656 #7 - INDEX TERM--OCCUPATION
Occupation Inventors.
Source of term itoamc
656 #7 - INDEX TERM--OCCUPATION
Occupation Hymnologists.
Source of term itoamc
656 #7 - INDEX TERM--OCCUPATION
Occupation Poets.
Source of term itoamc

No items available.

Powered by Koha